Про батька козацького Богдана Хельницького (Запис № 318866)
[ простий вигляд ]
| 000 -LEADER | |
|---|---|
| fixed length control field | 00661nam a22002537a 4500 |
| 001 - CONTROL NUMBER | |
| control field | 32423 |
| 003 - CONTROL NUMBER IDENTIFIER | |
| control field | UA-OsUOA |
| 005 - DATE AND TIME OF LATEST TRANSACTION | |
| control field | 20201021121505.0 |
| 007 - PHYSICAL DESCRIPTION FIXED FIELD--GENERAL INFORMATION | |
| fixed length control field | ta |
| 008 - FIXED-LENGTH DATA ELEMENTS--GENERAL INFORMATION | |
| fixed length control field | 20050201b un ||||| |||| 00| 0 ukr d |
| 020 ## - INTERNATIONAL STANDARD BOOK NUMBER | |
| International Standard Book Number | 5-7775-0500-7 |
| 040 ## - CATALOGING SOURCE | |
| Original cataloging agency | UA-OsUOA |
| Language of cataloging | ukr |
| Transcribing agency | UA-OsUOA |
| Modifying agency | UA-OsUOA |
| 041 ## - LANGUAGE CODE | |
| Language code of text/sound track or separate title | ukr |
| 044 ## - COUNTRY OF PUBLISHING/PRODUCING ENTITY CODE | |
| MARC country code | UA |
| 080 ## - UNIVERSAL DECIMAL CLASSIFICATION NUMBER | |
| Universal Decimal Classification number | 94(477).042 |
| 090 ## - LOCALLY ASSIGNED LC-TYPE CALL NUMBER (OCLC); LOCAL CALL NUMBER (OCLC) | |
| Classification number (OCLC) (R) ; Classification number, CALL (RLIN) (NR) | 94(477).042 |
| Local cutter number (OCLC) ; Book number/undivided call number, CALL (RLIN) | Г97 |
| 100 ## - MAIN ENTRY--PERSONAL NAME | |
| Personal name | Грушевський Михайло |
| 245 ## - TITLE STATEMENT | |
| Title | Про батька козацького Богдана Хельницького |
| 260 ## - PUBLICATION, DISTRIBUTION, ETC. (IMPRINT) | |
| Place of publication, distribution, etc | Дніропетровськ |
| Name of publisher, distributor, etc | Січ |
| Date of publication, distribution, etc | 1993 |
| 300 ## - PHYSICAL DESCRIPTION | |
| Extent | 55 с. |
| 650 #7 - SUBJECT ADDED ENTRY--TOPICAL TERM | |
| Source of heading or term | UDC |
| 942 ## - ADDED ENTRY ELEMENTS (KOHA) | |
| Koha item type | Книги |
| 955 ## - COPY-LEVEL INFORMATION (RLIN) | |
| Classification number, CCAL (RLIN) | інше |
| Withdrawn status | Lost status | Source of classification or shelving scheme | Damaged status | Not for loan | Home library | Current library | Date acquired | Cost, normal purchase price | Inventory number | Total Checkouts | Full call number | Barcode | Date last seen | Price effective from | Koha item type | Source of acquisition |
|---|---|---|---|---|---|---|---|---|---|---|---|---|---|---|---|---|
| Universal Decimal Classification | АБ - Абонемент НБ | АБ - Абонемент НБ | 06/04/2011 | 5.00 | 131786 | 94(477).042 Г97 | 131786 | 24/01/2022 | 06/04/2011 | Книги | 44/2011 | |||||
| Universal Decimal Classification | ЧЗ - Читальна зала | ЧЗ - Читальна зала | 01/02/2005 | 5.00 | 75112 | 94(477).042 Г97 | 75112 | 07/02/2022 | 01/02/2005 | Книги | ||||||
| Universal Decimal Classification | ЧЗ - Читальна зала | ЧЗ - Читальна зала | 01/02/2005 | 5.00 | 80236 | 94(477).042 Г97 | 80236 | 07/02/2022 | 01/02/2005 | Книги | ||||||
| Universal Decimal Classification | ЧЗ - Читальна зала | ЧЗ - Читальна зала | 01/02/2005 | 80237 | 94(477).042 Г97 | 80237 | 07/02/2022 | 01/02/2005 | Книги | |||||||
| Universal Decimal Classification | ЧЗ - Читальна зала | ЧЗ - Читальна зала | 01/02/2005 | 80238 | 94(477).042 Г97 | 80238 | 07/02/2022 | 01/02/2005 | Книги | |||||||
| Universal Decimal Classification | ЧЗ - Читальна зала | ЧЗ - Читальна зала | 01/02/2005 | 4.00 | 80239 | 94(477).042 Г97 | 80239 | 07/02/2022 | 01/02/2005 | Книги |